Most Published Marvel Mutant Heroes - Statistics

General Stats
  • This quiz has been taken 25 times
    20 since last reset
  • The average score is 97 of 500
Answer Stats
Issues Answer % Correct
1150 Magneto
100%
1682 Professor X
100%
1589 Angel/Archangel
92%
59 Beast
92%
2333 Chairman (Dr. Hank McCoy)
92%
2668 Cyclops
92%
1476 Iceman
92%
656 Jubilee
92%
255 Logan
92%
1740 Phoenix
92%
540 Talon
92%
11 The A
92%
1259 White Queen
92%
153 Wolverine (Laura Kinney)
92%
4129 Wolverine (Logan)
92%
622 Mystique
85%
1288 Rogue
85%
1320 Shadowcat
85%
2284 Storm
85%
301 Blob
77%
871 Cable
77%
925 Captain Britain (Betsy Braddock)
77%
1507 Colossus
77%
72 Deadpool (Ellie Camacho)
77%
914 Gambit
77%
180 Psylocke
77%
639 Sunspot
77%
619 Askani
69%
472 Banshee
69%
585 Bishop
69%
820 Magik
69%
1866 Namor
69%
585 Polaris
69%
21 Pyro (Simon Lasker)
69%
183 Pyro (St. John Allerdyce)
69%
622 Sabretooth
69%
306 Siryn
69%
846 Cannonball
62%
66 Darwin
62%
439 Forge
62%
345 Multiple Man
62%
1503 Nightcrawler
62%
544 Wolfsbane
62%
261 Armor
54%
728 Havok
54%
541 Mirage
54%
271 Toad
54%
292 Aurora
46%
127 Avalanche
46%
256 Celeste Cuckoo
46%
168 Destiny
46%
537 Domino
46%
77 Esme Cuckoo
46%
309 Karma
46%
279 Magma
46%
257 Mindee Cuckoo
46%
414 Northstar
46%
270 Phoebe Cuckoo
46%
322 Pixie
46%
8 Shatter
46%
264 Shatterstar
46%
80 Sophie Cuckoo
46%
258 Sunfire
46%
305 Anole
38%
100 Beak
38%
304 Black King
38%
137 Caliban
38%
29 Changeling
38%
173 Dust
38%
14 Franklin Richards (Future)
38%
9 Hope (Esperanza Ling)
38%
342 Hope Summers
38%
321 Kid Omega
38%
32 Lady Phoenix
38%
142 Legion
38%
67 Morph (Benji Deeds)
38%
45 Omega
38%
679 Powerhouse
38%
303 Revelation
38%
321 Strong Guy
38%
121 Tempus
38%
67 Vulcan
38%
434 Warpath
38%
114 Blindfold
31%
38 Blink
31%
389 Boom-Boom
31%
143 Callisto
31%
13 Cam Long
31%
79 Copycat
31%
496 Dazzler
31%
143 Egg
31%
80 Firefist
31%
212 Glob Herman
31%
157 Goblin Queen
31%
289 Husk
31%
21 John Wraith
31%
177 Leech
31%
11 Life
31%
165 Marrow
31%
109 Maverick
31%
62 Mimic
31%
325 Moira X
31%
162 Omega Red
31%
98 Proteus
31%
19 Quill
31%
144 Scout
31%
16 Silver
31%
104 Speed
31%
9 Spike (Darian Elliott)
31%
49 Stacy X
31%
66 Tempest
31%
66 Thunderbird (John Proudstar)
31%
55 Thunderbird (Neal Shaara)
31%
74 Triage
31%
94 Vanisher
31%
268 Wiccan
31%
176 X-Man
31%
28 Azazel
23%
50 Bedlam
23%
178 Elixir
23%
42 Erg
23%
108 Eye-Boy
23%
144 Genesis (Evan Sabahnur)
23%
282 Gloriana
23%
219 Hellion
23%
40 Hijack
23%
125 Layla Miller
23%
24 Lifeguard
23%
140 Manifold
23%
164 Mercury
23%
572 Ms. Marvel
23%
82 M-Twins
23%
10 Mulholland
23%
358 Penance
23%
203 Prodigy
23%
84 Shark-Girl
23%
91 Silver Samurai
23%
196 Surge
23%
223 Temper
23%
77 Wind Dancer
23%
5 Wraith
23%
21 Zeitgeist
23%
17 Abyss
15%
25 Adam-X
15%
16 Aero
15%
49 Amelia Voght
15%
101 Armageddon Girl
15%
152 Artie Maddicks
15%
71 Asp
15%
6 Aura Charles
15%
17 Base
15%
15 Basilisk
15%
35 Bei the Blood Moon
15%
48 Big Bertha
15%
18 Birdy
15%
145 Black Tom Cassidy
15%
43 Bolt
15%
99 Cerebella
15%
286 Chamber
15%
44 Cipher
15%
116 Darkstar
15%
129 Dr. Cecilia Reyes
15%
71 Empath
15%
69 Ernst
15%
182 Exodus
15%
71 Fabian Cortez
15%
23 Face
15%
111 Feral
15%
428 Firestar
15%
49 Flatman
15%
23 Flex
15%
183 Frenzy
15%
100 Gateway
15%
11 Gazing Nightshade
15%
111 Gentle
15%
118 Greycrow
15%
336 Hellverine
15%
25 Hindsight
15%
97 Jimmy Hudson
15%
330 Justice
15%
9 King Bedlam
15%
47 Kylun
15%
297 Kymaera
15%
58 Lady Mastermind
15%
75 Maggott
15%
21 Megaton
15%
65 Mister Sensitive
15%
132 Molly Hayes
15%
34 Mondo
15%
16 Mondo (Clone)
15%
15 Morgan Red
15%
19 Mr. M
15%
19 Namorita
15%
49 Nanny
15%
46 Negasonic Teenage Warhead
15%
89 Nocturne
15%
8 Omertà
15%
43 Orphan-Maker
15%
7 Petra
15%
63 Primal
15%
65 Random
15%
322 Rictor
15%
327 Rockslide
15%
54 Sabra
15%
14 Sharon King
15%
92 Skids
15%
21 Slipstream
15%
47 Sprite
15%
19 Sunder
15%
6 Sunpyre
15%
7 Sway
15%
208 Synch
15%
16 Thornn
15%
8 Tommy
15%
77 Transonic
15%
45 Trinary
15%
16 Vange Whedon
15%
59 Velocidad
15%
45 Wallflower
15%
170 Wild Child
15%
9 Wing
15%
42 Wither
15%
46 Wiz-Kid
15%
14 Wrongslide
15%
62 Xorn
15%
5 Yuki Ohara
15%
33 Zero
15%
177 Abigail Brand
8%
20 Albedo
8%
10 Alchemy
8%
13 Amass
8%
56 Anarchist
8%
13 Ape
8%
8 Aphelion
8%
16 Auric
8%
14 Axo
8%
15 Beautiful Dreamer
8%
11 Ben Liu
8%
46 Black Bishop (Shinobi Shaw)
8%
13 Black Queen (Lourdes Chantel)
8%
145 Bling!
8%
5 Bloke
8%
31 Bloodstorm
8%
69 Bombshell
8%
210 Box
8%
7 Brass
8%
15 Bronze
8%
12 Brutha Nature
8%
27 Calico
8%
24 Carter Ghazikhanian
8%
12 Catiana
8%
12 Centennial
8%
7 Choir
8%
29 Collective Man
8%
20 Cosmar
8%
25 Courier
8%
8 Crave
8%
23 Crosta
8%
34 Curse
8%
12 D-Cel
8%
29 Deathdream
8%
13 Decay
8%
71 Diamond Lil
8%
20 DJ
8%
197 Doctor Nemesis
8%
9 Dome
8%
42 Doorman
8%
13 Dryad
8%
4 Dummy
8%
18 El Águila
8%
8 El Guapo
8%
72 Emplate
8%
60 Escapade
8%
16 Fauna
8%
12 Feedback
8%
21 Feint
8%
10 Felon
8%
8 Fixx
8%
18 Flashback
8%
11 Flourish
8%
7 Flubber
8%
22 Fontanelle
8%
5 Forearm (Marcus Tucker)
8%
59 Forearm (Michael McCain)
8%
19 ForgetMeNot
8%
13 Freakshow
8%
6 Gabriel Shepherd
8%
18 Galura
8%
17 Ghast
8%
32 Gibbon
8%
36 Goblyn
8%
9 Goldfire
8%
15 Gone Girl
8%
12 Gorgeous George
8%
99 Gorgon
8%
10 Granny Smite
8%
62 Graymalkin
8%
9 Greywing
8%
22 Grizzly
8%
13 Gust
8%
112 Gwenpool
8%
7 Hack
8%
10 Hairbag
8%
24 Healer
8%
11 Helix
8%
6 Henrietta Hunter
8%
7 Hexadecimal
8%
18 Hightail
8%
21 Hollow
8%
13 Hub
8%
14 Hybrid
8%
60 Icarus
8%
4 Inari
8%
65 Indra
8%
11 Ironfire
8%
28 Isca the Unbeaten
8%
32 Jenny Ransome
8%
14 Jen Starkey
8%
4 Jersey Devil
8%
27 Jitter
8%
59 Joseph
8%
32 Jumbo Carnation
8%
13 Karasu-Tengu
8%
25 Khora of the Burning Heart
8%
22 Kiden Nixon
8%
13 Kymera
8%
20 Lactuca the Knower
8%
13 Lacuna
8%
9 Leo Eng
8%
15 Lightbright
8%
101 Lila Cheney
8%
10 Lil' Bro
8%
92 Loa
8%
7 Local
8%
7 Longneck
8%
13 Longstrike
8%
12 Loolo
8%
19 Lorelei Travis
8%
17 Lost
8%
29 Mammomax
8%
44 Manikin
8%
15 Manslaughter
8%
92 Match
8%
6 Maureen Raven
8%
11 Meld
8%
14 Melee
8%
36 Melter
8%
105 Mentallo
8%
9 Michaela Ladak
8%
40 Micromax
8%
116 Miss America (Madeline Joyce)
8%
23 Murmur
8%
154 Namora
8%
78 Nekra
8%
7 Network
8%
6 Nia Noble
8%
52 Night Thrasher
8%
8 Norio
8%
29 Onyxx
8%
60 Outlaw
8%
8 Ox
8%
41 Pathway
8%
37 Peeper
8%
82 Persuasion
8%
150 Pete Wisdom
8%
26 Phaser
8%
37 Phat
8%
11 Phatty
8%
6 Preview
8%
7 Purge
8%
30 Radius
8%
28 Ransom
8%
22 Rasputin IV
8%
22 Razorback
8%
59 Reaper
8%
17 Redroot the Forest
8%
50 Ricochet
8%
25 Risque
8%
9 Rosa Lemper
8%
15 Rubber Maid
8%
7 Rubedo
8%
10 Ruckus
8%
298 Sage
8%
3 Saint Anna
8%
12 Sapna
8%
8 Scorpion Boy
8%
4 Seer
8%
59 Shard
8%
21 Shola Inkose
8%
33 Siena Blaze
8%
125 Silhouette
8%
13 Sister Staff
8%
45 Skein
8%
167 Skin
8%
5 Skinz
8%
25 Skybolt
8%
24 Sobunar of the Depths
8%
7 Sojobo-Tengu
8%
33 Somnus
8%
14 Specter
8%
573 Spectrum
8%
13 Spider-Girl (Gwen Warren)
8%
14 Spider-Girl (Maka Akana)
8%
31 Squid-Boy
8%
7 Stitch
8%
31 Tag
8%
8 Tar Baby
8%
63 Tempo
8%
10 Theia
8%
19 Third Eye
8%
12 Thumbelina
8%
18 Tier Sinclair
8%
22 Timeslip
8%
11 Topspin
8%
82 Trance
8%
185 Typhoid Mary
8%
79 Ursa Major
8%
82 Vanguard
8%
37 Venus Dee Milo
8%
55 Vivisector
8%
15 Weaponless Zsen
8%
7 Whisper Doll
8%
41 White Bishop
8%
16 White Sword
8%
109 Whizzer
8%
20 Wicked
8%
52 Wildside
8%
39 Wolf Cub
8%
27 Xandra Neramani
8%
6 Xanth
8%
18 Xilo
8%
9 Xyber
8%
6 Ziggy Karst
8%
54 Zorn
8%
10 Ace
0%
42 Agent X
0%
7 Alchemist
0%
8 Archer
0%
5 Argent
0%
6 Bad Guy
0%
6 Battering Ram
0%
13 Black Knight
0%
10 Blue Bolt
0%
4 Broadband
0%
16 Brutacus
0%
15 Cerebra
0%
9 Chance
0%
50 Chinook
0%
5 Darkveil
0%
53 Dead Girl
0%
7 Faceshopper
0%
5 Gin Genie
0%
10 Ginny Guzman
0%
7 Good Arson
0%
9 Greystone
0%
4 Guvnor
0%
11 Halcyon
0%
6 Harmonize
0%
44 Holocaust
0%
7 Horsepower
0%
10 Host
0%
17 Kafka
0%
33 Klara Prast
0%
17 Kobak Never-Held
0%
6 La Bandera
0%
4 Lady Henrietta
0%
4 La Nuit
0%
4 Liam Connaughton
0%
14 Locus
0%
17 Lodus Logos
0%
14 Madame Sanctity
0%
6 Madin
0%
14 Maggie Braddock
0%
169 Major Victory
0%
16 Manon
0%
15 Maxime
0%
18 Microbe
0%
26 Mister X
0%
10 Mole
0%
75 Monarch
0%
48 Mordred
0%
7 Pity Girl
0%
6 Plazm
0%
36 Portal
0%
9 Psimon
0%
9 Pulse
0%
26 Rain Boy
0%
7 Rhapsody
0%
20 Shortpack
0%
11 Slab
0%
16 Smart Alec
0%
132 Spitfire
0%
105 Starhawk
0%
10 Syzya of the Smoke
0%
39 Threnody
0%
35 U-Go Girl
0%
16 Valentine Vuong
0%
12 Washout
0%
92 Widget
0%
5 Woofer
0%
No matching quizzes found
Score Distribution
Percent of People with Each Score
Percentile by Number Answered
Your Score History
You have not taken this quiz since the last reset